000 01689nam a2200325 i 4500
003 EG-GICUC
005 20260428142801.0
008 260428s2010 ||| |||fr|||| 00| 0 Ara d
040 _a EG-GICUC
_bara
_c EG-GICUC
_d EG-GICUC
_erda
041 0 _aAra
082 0 4 _221
_a343.411
_bم ح . م
092 0 4 _221
099 _aLaw1 10 343.411 م ح . م 2010
100 0 _aمحمد عبدالوهاب
_eAuthor.
245 1 2 _aالموسوعة الإقتصادية الشاملة المحاكم الإقتصادية.
_nالمجلد الأول،
_pفي المحاكم الإقتصادية تشكيل المحاكم الإقتصادية وتحديد إختصاصها إجراءات التقاضي أمامها ودرجاتها طرق الطعن على الأحكام الصادرة عنها وقاضي الأمور المستعجلة بشأن منازعات التنفيذ أمام المحاكم الإقتصادية /
_bتأليف محمد عبدالوهاب، مدحت الدبيسى، حمدى خليفة.
264 1 _a[مكان النشر غير محدد] :
_b[ الناشر غير محدد]،
_c2010.
300 _a313 ؛صفحة
_c24 سم.
336 _2rda content
_atext
337 _2rda media
_aComputer
338 _2rda carrier
_aOnline Resource
546 _aالنص باللغة العربية
650 1 _aقانون العقوبات الإقتصادى
_2qrmak
650 1 _aالقانون الجنائى
_2qrmak
651 1 _2qrmak
700 0 _aمدحت الدبيسى
_eمؤلف مشارك.
700 0 _aحمدى خليفة
_eمؤلف مشارك.
856 4 0 _uhttps://fll.law.cu.edu.eg/fulltext/bks/B10-10698.pdf
905 _a54
942 _2ddc
_cBK
_e21
_n0
999 _c73901
_d73901